00321 a2200109 450000100060000008200150000610000160002124501280003725000060016526000290017130000110020092481 a153.94 BAR aBarrett Jim aCareer, aptitude and selection tests; match your IQ, personality and abilities to your ideal career, 2ebintermediate level a2 aLondonbKogan Pagec2006 a186 p.